| 000 | 00430nam a2200181Ia 4500 | ||
|---|---|---|---|
| 003 | OSt | ||
| 005 | 20220527154523.0 | ||
| 008 | 210210b1962 xxu||||| |||| 00| 0 eng d | ||
| 040 | _cAL | ||
| 041 | _aeng | ||
| 082 | _a829/1181 | ||
| 100 |
_aVERNE (Jules) _939366 |
||
| 245 | _aClipper of the clouds | ||
| 260 |
_aLondon _bMacmillan & Co. Ltd. _c1962 |
||
| 690 |
_aEnglish Fiction _939367 |
||
| 906 | _a017792 | ||
| 942 |
_2ddc _cBK |
||
| 999 |
_c137776 _d137776 |
||